000 01155cab a2200301 4500
001 ABS46979
008 090401t1992 xxu||||| |||| 00| 0 eng d
035 _a(Sirsi) u60261
041 _aeng
100 _aCrosby, N.
245 _aMethodology and convention in the standardisation of retails rents
260 _c1992
350 _a0
490 _aJournal of Property Valuation and Investment
_v10(4) Summer 1992, 740-756(17)
520 _aThis paper explores valuation conventions, chiefly the comparative method of valuation with adjustments for physical features such as size, and legal characteristics such as tenure, length of lease or user clauses, in order to assess the usefulness of these conventions against the database of standardised transactions for retail property in Nottingham 1973-89.
650 _aADJUSTMENTS
650 _aCOMPARATIVE METHOD
650 _aCONVENTIONS
650 _aMETHODS OF VALUATION
650 _aRETAIL RENTS
650 _aSTANDARDISATION
650 _aValuation
_96273
690 _aRATING AND VALUATION
700 _aKeogh, G.
700 _aRees, G.
942 _n0
948 _c04/03/1997
999 _c37130
_d37130